| 000 | 00515nam a22001697a 4500 | ||
|---|---|---|---|
| 003 | BD-DhUL | ||
| 005 | 20170420085801.0 | ||
| 008 | 170420b xxu||||| |||| 00| 0 eng d | ||
| 040 |
_aBD-DhUL _cBD-DhUL _dBD-DhUL |
||
| 082 |
_a329.0209 _bHOF |
||
| 245 |
_aThe idea of a party system : _bthe rise of legitimate opposition in the united states,1780-1840 / |
||
| 260 |
_aLondon : _bUniversity press : _cc1969. |
||
| 300 |
_a280 p. : _c25 cm. |
||
| 500 | _aincludes index | ||
| 650 | 0 | _aparty system | |
| 942 |
_2ddc _cREF |
||
| 999 |
_c189198 _d189198 |
||